| 000 | 04651nam a2200697 i 4500 | ||
|---|---|---|---|
| 001 | BDZ0055306558 | ||
| 003 | StDuBDS | ||
| 005 | 20250318132046.0 | ||
| 006 | m|||||o||d|||||||| | ||
| 007 | cr ||||||||||| | ||
| 008 | 240910s2025 enk fo 001|0 eng|d | ||
| 020 |
_a9781040176245 (PDF ebook) : _cNo price |
||
| 020 |
_a9781040176306 (ePub ebook) : _cNo price |
||
| 020 |
_a9781003522348 (ebook) : _cNo price |
||
| 020 |
_z9781032863177 (hbk.) : _c160.00 |
||
| 020 |
_z9781032844145 (pbk.) : _cNo price |
||
| 040 |
_aStDuBDS _beng _erda _epn _cStDuBDS _dStDuBDSZ |
||
| 050 | 0 |
_aKD1185 _b.D459 2025 |
|
| 072 | 7 |
_aLAW _2ukslc |
|
| 072 | 7 |
_aLN _2bicssc |
|
| 072 | 7 |
_aLNSH5 _2bicssc |
|
| 072 | 7 |
_aKFFR _2bicssc |
|
| 072 | 7 |
_aLNCQ _2bicssc |
|
| 072 | 7 |
_aLNKW _2bicssc |
|
| 072 | 7 |
_aTN _2bicssc |
|
| 072 | 7 |
_aLN _2thema |
|
| 072 | 7 |
_aLNSH5 _2thema |
|
| 072 | 7 |
_aKFFR _2thema |
|
| 072 | 7 |
_aLNCQ _2thema |
|
| 072 | 7 |
_aLNKW _2thema |
|
| 072 | 7 |
_aTN _2thema |
|
| 072 | 7 |
_aAMVD _2thema |
|
| 072 | 7 |
_aLNS _2thema |
|
| 072 | 7 |
_aLNSH _2thema |
|
| 072 | 7 |
_aTNK _2thema |
|
| 072 | 7 |
_aKNJ _2thema |
|
| 082 | 0 | 4 |
_a343.420252 _223 |
| 100 | 1 |
_aDenyer-Green, Barry, _eauthor. |
|
| 245 | 1 | 0 |
_aCompulsory purchase and compensation _cBarry Denyer-Green. _h[electronic resource] / |
| 250 | _aTwelfth edition. | ||
| 264 | 1 |
_aLondon : _bRoutledge, _c2025. |
|
| 300 | _a1 online resource (lii, 403 pages) | ||
| 336 |
_atext _2rdacontent |
||
| 337 |
_acomputer _2rdamedia |
||
| 338 |
_aonline resource _2rdacarrier |
||
| 366 |
_b20241120 _cIn stock |
||
| 500 | _aPrevious edition: 2019. | ||
| 500 | _aIncludes index. | ||
| 505 | 0 | _aTable of casesTable of statutesPrefacePART I THE POWER TO COMPULSORILY PURCHASE LAND1. Introduction2. The need for statutory powers3. The sources of compulsory purchase powers4. Compulsory purchase, works and development consent orders5. Purchase and blight notices6. Purchase and disposal by agreementPART II EXERCISING THE POWERS OF COMPULSORY PURCHASE 7. Exercising powers of a compulsory purchase8. The land: What is acquired9. Taking possession and conveyance10. The Tribunals ServicePART III COMPENSATION FOR THE COMPULSORY PURCHASE OF LAND 11. Introduction to the assessment of compensation for land acquired12. Compensation for land acquired: Market value13. Statutory planning assumptions14. The effect of the scheme15. Depreciation or enhancement of retained land: Compensation or set-off16. Compensation for land acquired: Special cases17. Compensation for disturbance and other matters18. Additional payments19. Compensation for leasehold interests and tenancies20. Compensation for the acquisition of agricultural land21. Special compensation procedures22. Compensation and taxPART IV WORSENMENT, MITIGATION AND OTHER COMPENSATION MATTERS 23. Compensation for activities24. Mitigation of injurious effect of public works25. Compensation for decisions26. Statutory utilities: Compensation for wayleaves and damages27. Human rights | |
| 520 | 8 | _aCompulsory Purchase and Compensation remains the essential guide to this complex and increasingly relevant area of the law. Now in its 12th edition, no other book presents the same level of information on the law relating to compulsory purchase and compensation in England and Wales in such an accessible way.The book is also especially suited to those coming to this complex subject without a specific background in the law and is ideal reading for those students taking planning and built environment modules. Surveyors in particular will find this book invaluable.Whilst this new edition picks up the very many decisions of the Upper Tribunal and the higher courts since the 11th edition, the principal piece of new legislation is the Levelling-up and Regeneration Act 2023. One of the controversial provisions in the 2023 Act is the power to include in a compulsory purchase order a direction, the effect of which is that in relation to certain limited purposes, compensation shall be assessed on the basis that no planning permission would be granted for development on the relevant land; in effect, no hope value and only existing use values would be paid. | |
| 588 | _aDescription based on print version record. | ||
| 650 | 0 | _aCOMPULSORY PURCHASE | |
| 650 | 0 | _aPLANNING | |
| 650 | 0 | _aCompensation (Law) | |
| 650 | 7 | _aLaw | |
| 650 | 7 |
_aConveyancing law _2thema |
|
| 650 | 7 |
_aPlanning law _2thema |
|
| 776 | 0 | 8 |
_iPrint version : _z9781032863177 |
| 856 | 4 | 0 |
_uhttps://www.vlebooks.com/product/openreader?id=RICS&accId=9491556&isbn=9781040176245 _zAvailable on VLeBooks (email [email protected] if you do not have a login) |
| 942 | _2ddc | ||
| 999 |
_c122129 _d122129 |
||